| 000 | 00520cam a2200205 i 4500 | ||
|---|---|---|---|
| 001 | 3633545 | ||
| 005 | 20180302054443.0 | ||
| 008 | 750310s1975 nyua 001 0 eng | ||
| 010 | _a 75008500 | ||
| 020 | _a0517256010 | ||
| 040 |
_aDLC _cDLC _dDLC |
||
| 041 | _aeng | ||
| 080 | _a720.9 | ||
| 082 | 0 | 0 | _a720.9 NOR |
| 100 | _a45 | ||
| 101 | _aART | ||
| 245 | 0 | 0 |
_aGreat architecture of the world / _cgeneral editor, John Julius Norwich. |
| 906 |
_a7 _bcbc _corignew _d1 _eocip _f19 _gy-gencatlg |
||
| 942 |
_2ddc _cBK |
||
| 999 |
_c44012 _d44012 |
||